000 01309 a2200229 4500
005 2008092300160.0
008 080923t xxu||||| |||| 00| 0 hin d
010 _aHIN-81387
020 _a8190274899
_c200.00
035 _aHN-53733
035 _aB-246672
037 _bD.B.Act / pub
082 _a021.3
100 _aकालभोर, गोपीनाथ
_940389
245 _aप्रौढ़ एवं सतत्-शिक्षा में ग्रन्थालयों की भूमिका
_cगोपीनाथ कालभोर
260 _aजयपुर
_bविनय पब्लिकेशन
_c2006
270 _aए-3, पेठा फैक्ट्री के पास, हीदा की मोरी, सूरजपोल बाजार
_bजयपुर
300 _a166पृ
_c22 सेमी (सजिल्द)
942 _adpl
_cHN
_k021.3 / कालभो
_2ddc
_h021.3
_m कालभो
999 _c8290
_d8290